| 000 | 00408nam a22001577a 4500 | ||
|---|---|---|---|
| 999 |
_c7985 _d7985 |
||
| 005 | 20241127122318.0 | ||
| 008 | 241127b ||||| |||| 00| 0 eng d | ||
| 020 | _a9788498095807 | ||
| 040 | _aCDMR | ||
| 100 |
_94992 _aBacardit, Júlia |
||
| 245 |
_aCorresponsal d'enlloc _c/ Júlia Bacardit |
||
| 260 |
_aBarcelona : _bPòrtic, _c2024 |
||
| 300 | _a195 pàgines | ||
| 490 | _aVisions | ||
| 942 |
_2udc _cMON |
||